000
00357cam a2200169ua 4500
001
8674
008
150212n ii |||gr||||Z||||||eng
040
_c
MAIN
041
_a
eng
082
_a
821
245
_a
Select readings in english
250
_a
6th.
260
_a
Guwahati:
_b
LBS,
_c
1994.
300
_a
216p.
653
_a
English poetry
942
_c
BK
999
_c
7772
_d
7772